<?xml version="1.0" encoding="UTF-8"?><marc:collection xmlns:marc="http://www.loc.gov/MARC21/slim">
  <marc:record>
    <marc:leader>00000nam##2200000za#4500</marc:leader>
    <marc:controlfield tag="001">9.685126</marc:controlfield>
    <marc:controlfield tag="003">CaOODSP</marc:controlfield>
    <marc:controlfield tag="005">20210615134643</marc:controlfield>
    <marc:controlfield tag="007">ta</marc:controlfield>
    <marc:controlfield tag="008">150407|2011||||xxc|||||     f|0| 0 fre|d</marc:controlfield>
    <marc:datafield tag="020" ind1=" " ind2=" ">
      <marc:subfield code="a">978-1-100-96370-9</marc:subfield>
    </marc:datafield>
    <marc:datafield tag="040" ind1=" " ind2=" ">
      <marc:subfield code="a">CaOODSP</marc:subfield>
      <marc:subfield code="b">fre</marc:subfield>
    </marc:datafield>
    <marc:datafield tag="043" ind1=" " ind2=" ">
      <marc:subfield code="a">n-cn---</marc:subfield>
    </marc:datafield>
    <marc:datafield tag="086" ind1="1" ind2=" ">
      <marc:subfield code="a">Iu70-4/8-2011F</marc:subfield>
    </marc:datafield>
    <marc:datafield tag="110" ind1="1" ind2=" ">
      <marc:subfield code="a">Canada.</marc:subfield>
      <marc:subfield code="b">Industrie Canada. </marc:subfield>
      <marc:subfield code="b">Corporations Canada.</marc:subfield>
    </marc:datafield>
    <marc:datafield tag="245" ind1="1" ind2="0">
      <marc:subfield code="a">Corporations Canada - guide pour les petites entreprises : </marc:subfield>
      <marc:subfield code="b">se constituer en société de régime fédéral </marc:subfield>
    </marc:datafield>
    <marc:datafield tag="246" ind1="1" ind2=" ">
      <marc:subfield code="i">Autre titre cité pour la publication : </marc:subfield>
      <marc:subfield code="a">Guide pour aider les petites entreprises à constituer en société de régime fédéral</marc:subfield>
    </marc:datafield>
    <marc:datafield tag="260" ind1=" " ind2=" ">
      <marc:subfield code="a">Ottawa - Ontario : </marc:subfield>
      <marc:subfield code="b">Industrie Canada. </marc:subfield>
      <marc:subfield code="c">[2011].</marc:subfield>
    </marc:datafield>
    <marc:datafield tag="300" ind1=" " ind2=" ">
      <marc:subfield code="a">67p. : </marc:subfield>
      <marc:subfield code="b">glossaire, photographies ; </marc:subfield>
      <marc:subfield code="c">28 cm.</marc:subfield>
    </marc:datafield>
    <marc:datafield tag="520" ind1="3" ind2=" ">
      <marc:subfield code="a">Présente un aperçu général de la constitution en société en vertu de la Loi canadienne sur les sociétés par actions (LCSA). Il contient des renseignements relativement aux sociétés de régime fédéral. Vous y trouverez: de l'information vous aidant à constituer votre entreprise en société par actions; des instructions pour déposer vos statuts constitutifs ainsi que d'autres formulaires en ligne; de l'information relative aux autres formalités administratives à entreprendre; de l'information concernant l'organisation interne de votre société; de l'information sur le rôle des administrateurs et actionnaires; de l'information concernant les exigences à respecter pour maintenir votre société en conformité avec la LCSA; et des modèles de statuts constitutifs complétés, de résolutions organisationnelles, de règlements administratifs et de procès-verbal d'une assemblée des actionnaires.</marc:subfield>
    </marc:datafield>
    <marc:datafield tag="563" ind1=" " ind2=" ">
      <marc:subfield code="a">Couverture souple</marc:subfield>
    </marc:datafield>
    <marc:datafield tag="590" ind1=" " ind2=" ">
      <marc:subfield code="a">11-16</marc:subfield>
      <marc:subfield code="b">2011-04-21</marc:subfield>
    </marc:datafield>
    <marc:datafield tag="691" ind1="0" ind2="7">
      <marc:subfield code="a">Incorporation</marc:subfield>
      <marc:subfield code="2">gcpds</marc:subfield>
    </marc:datafield>
    <marc:datafield tag="775" ind1="0" ind2="8">
      <marc:subfield code="t">Corporations Canada - guide to federal incorporation : </marc:subfield>
      <marc:subfield code="w">(CaOODSP)9.652152</marc:subfield>
    </marc:datafield>
    <marc:datafield tag="776" ind1="0" ind2="#">
      <marc:subfield code="t">Corporations Canada - guide pour les petites entreprises : </marc:subfield>
      <marc:subfield code="w">(CaOODSP)9.638333</marc:subfield>
    </marc:datafield>
    <marc:datafield tag="986" ind1=" " ind2=" ">
      <marc:subfield code="a">60204</marc:subfield>
    </marc:datafield>
  </marc:record>
</marc:collection>
